|
|
|
|
| LEADER |
00000nam0a2200000 4500 |
| 001 |
53102 |
| 005 |
20231031044430.0 |
| 035 |
|
|
|a (RuTPU)RU\TPU\book\55684
|
| 090 |
|
|
|a 53102
|
| 100 |
|
|
|a 20030611d1985 km y0rusy50 ca
|
| 101 |
0 |
|
|a rus
|
| 102 |
|
|
|a RU
|
| 105 |
|
|
|a a g 001zy
|
| 200 |
1 |
|
|a Технологичность конструкций изделий
|e Справочник
|f Т. К. Алферова [и др.]
|g под ред. Ю. Д. Амирова
|
| 210 |
|
|
|a Москва
|c Машиностроение
|d 1985
|
| 215 |
|
|
|a 367 с.
|c ил.
|
| 225 |
1 |
|
|a Библиотека конструктора
|
| 320 |
|
|
|a Библиогр.: с. 351-352
|
| 320 |
|
|
|a Предм. указ.: с. 353-365
|
| 610 |
1 |
|
|a машиностроение
|
| 610 |
1 |
|
|a машиностроительные конструкции
|
| 610 |
1 |
|
|a технологичность
|
| 610 |
1 |
|
|a расчеты
|
| 610 |
1 |
|
|a технологический контроль
|
| 610 |
1 |
|
|a детали
|
| 610 |
1 |
|
|a эксплуатация
|
| 610 |
1 |
|
|a справочники
|
| 675 |
|
|
|a 621.002(035)
|v 3
|
| 701 |
|
1 |
|a Алферова
|b Т. К.
|g Татьяна Константиновна
|
| 701 |
|
1 |
|a Амиров
|b Ю. Д.
|g Юрий Донович
|
| 701 |
|
1 |
|a Волков
|b П. Н.
|
| 702 |
|
1 |
|a Амиров
|b Ю. Д.
|g Юрий Донович
|4 340
|
| 801 |
|
1 |
|a RU
|b 63413507
|c 20030611
|g PSBO
|
| 801 |
|
2 |
|a RU
|b 63413507
|c 20190618
|g PSBO
|
| 942 |
|
|
|c BK
|